000
00311nam a22001337a 4500
008
170508b xxu||||| |||| 00| 0 eng d
020
_a
9781587787812
041
_a
eng
080
_a
34
100
_a
15
101
_a
SHJ
245
_a
INTERNATIONAL LAW AND THE USE OF FORCE
_c
O'CONNELL, M.E
942
_2
udc
_c
BK
999
_c
13016
_d
13016